<?xml version="1.0" encoding="UTF-8"?>
<record
    xmlns:xsi="http://www.w3.org/2001/XMLSchema-instance"
    xsi:schemaLocation="http://www.loc.gov/MARC21/slim http://www.loc.gov/standards/marcxml/schema/MARC21slim.xsd"
    xmlns="http://www.loc.gov/MARC21/slim">

  <leader>00837nam a22002177a 4500</leader>
  <controlfield tag="001">86510</controlfield>
  <controlfield tag="003">BD-RjUL</controlfield>
  <controlfield tag="005">20260519102332.0</controlfield>
  <controlfield tag="008">260519s2000    ii ||||| |||| 00| 0 ur  d</controlfield>
  <datafield tag="035" ind1=" " ind2=" ">
    <subfield code="a">(BD-RjUL)86510</subfield>
  </datafield>
  <datafield tag="040" ind1=" " ind2=" ">
    <subfield code="a">BD-RjUL</subfield>
    <subfield code="b">eng</subfield>
    <subfield code="c">BD-RjUL</subfield>
  </datafield>
  <datafield tag="041" ind1=" " ind2=" ">
    <subfield code="a">urd</subfield>
  </datafield>
  <datafield tag="082" ind1=" " ind2=" ">
    <subfield code="2">23</subfield>
    <subfield code="a">297.27</subfield>
    <subfield code="b">ALA 2000</subfield>
  </datafield>
  <datafield tag="100" ind1=" " ind2=" ">
    <subfield code="a">&#x639;&#x627;&#x644;&#x645;&#x60C; &#x627;&#x633;&#x631;&#x627;&#x631;.,&#x2BB;&#x100;lam, Asr&#x101;r</subfield>
    <subfield code="9">18520</subfield>
  </datafield>
  <datafield tag="245" ind1="1" ind2="0">
    <subfield code="a">&#x639;&#x627;&#x644;&#x645; &#x627;&#x633;&#x644;&#x627;&#x645; &#x6A9;&#x649; &#x631;&#x648;&#x62D;&#x627;&#x646;&#x649; &#x635;&#x648;&#x631;&#x62A; &#x62D;&#x627;&#x644; / &#x2BB;&#x100;lam-i Isl&#x101;m k&#x12B; r&#x16B;&#x1E25;&#x101;n&#x12B; &#x1E63;&#x16B;rat-i &#x1E25;&#x101;l /</subfield>
    <subfield code="c">&#x627;&#x633;&#x631;&#x627;&#x631; &#x639;&#x627;&#x644;&#x645;., ., Islamic Research Academy (Karachi, Pakistan) / Asr&#x101;r &#x2BB;&#x100;lam, Asr&#x101;r. &#x2BB;&#x100;lam</subfield>
  </datafield>
  <datafield tag="264" ind1=" " ind2=" ">
    <subfield code="a">newdelhi :</subfield>
    <subfield code="b"> Isl&#x101;mik fiqh  Ikai&#x1E0D;am&#x12B; ,</subfield>
    <subfield code="c">2000</subfield>
  </datafield>
  <datafield tag="300" ind1=" " ind2=" ">
    <subfield code="a">129 p. ;</subfield>
    <subfield code="c">21 cm</subfield>
  </datafield>
  <datafield tag="650" ind1=" " ind2=" ">
    <subfield code="v">Islam &#x2014; Spiritual life</subfield>
    <subfield code="9">18521</subfield>
  </datafield>
  <datafield tag="650" ind1=" " ind2=" ">
    <subfield code="a">&#x627;&#x633;&#x644;&#x627;&#x645;&#x6CC; &#x645;&#x630;&#x6C1;&#x628;&#x6CC; &#x632;&#x646;&#x62F;&#x6AF;&#x6CC; &#x648; &#x631;&#x648;&#x62D;&#x627;&#x646;&#x6CC;&#x62A;</subfield>
    <subfield code="9">18522</subfield>
  </datafield>
  <datafield tag="942" ind1=" " ind2=" ">
    <subfield code="2">ddc</subfield>
    <subfield code="c">BK</subfield>
  </datafield>
  <datafield tag="999" ind1=" " ind2=" ">
    <subfield code="c">86510</subfield>
    <subfield code="d">86510</subfield>
  </datafield>
  <datafield tag="952" ind1=" " ind2=" ">
    <subfield code="0">0</subfield>
    <subfield code="1">0</subfield>
    <subfield code="2">ddc</subfield>
    <subfield code="4">0</subfield>
    <subfield code="7">1</subfield>
    <subfield code="8">NFIC</subfield>
    <subfield code="a">RUCL</subfield>
    <subfield code="b">RUCL</subfield>
    <subfield code="c">Reading</subfield>
    <subfield code="d">2026-05-19</subfield>
    <subfield code="e">Future Grup , Nerw Delhi</subfield>
    <subfield code="l">0</subfield>
    <subfield code="o">U 297.27 ALA 2000</subfield>
    <subfield code="r">2026-05-19 10:21:58</subfield>
    <subfield code="t">C-1</subfield>
    <subfield code="w">2026-05-19</subfield>
    <subfield code="y">BK</subfield>
  </datafield>
</record>
